[Event "SVK-chT4 A22 1617"]
[Site "Slovakia"]
[Date "2017.02.12"]
[Round "9.4"]
[White "Janas, Peter"]
[Black "Bott, Tamas"]
[Result "1-0"]
[WhiteElo "1678"]
[BlackElo "1650"]
[PlyCount "55"]
[EventDate "2016.10.09"]
[EventType "team-tourn"]
[EventRounds "11"]
[EventCountry "SVK"]
[SourceTitle "EXT 2020"]
[Source "ChessBase"]
[SourceDate "2019.10.17"]
[SourceVersion "1"]
[SourceVersionDate "2019.10.17"]
[SourceQuality "1"]

1. Nf3 b6 2. g3 Bb7 3. Bg2 e5 4. d3 h5 5. e4 Nc6 6. Bd2 Bc5 7. a3 d5 8. exd5 Qxd5 9. Nc3 Qe6 10. Ng5 Qd7 11. h4 0-0-0 12. Bh3 f5 13. 0-0 Nd4 14. Bg2 Bxg2 15. Kxg2 Rf8 16. Ne2 Ne6 17. Nxe6 Qd5+ 18. f3 Qxe6 19. Bb4 Nh6 20. Bxc5 bxc5 21. Qd2 Rhg8 22. Rae1 f4 23. Nxf4 Qc6 24. Rxe5 Re8 25. Rfe1 Rxe5 26. Rxe5 Qf6 27. Qe2 g5 28. Nd5 1-0

[Event "SVK-chT4 A22 1617"]
[Site "Slovakia"]
[Date "2017.01.29"]
[Round "8.4"]
[White "Javor, Viktor"]
[Black "Bott, Tamas"]
[Result "1-0"]
[WhiteElo "1490"]
[BlackElo "1665"]
[PlyCount "43"]
[EventDate "2016.10.09"]
[EventType "team-tourn"]
[EventRounds "11"]
[EventCountry "SVK"]
[SourceTitle "EXT 2020"]
[Source "ChessBase"]
[SourceDate "2019.10.17"]
[SourceVersion "1"]
[SourceVersionDate "2019.10.17"]
[SourceQuality "1"]

1. d4 b6 2. e4 Bb7 3. Nc3 e6 4. a3 Nf6 5. f3 Be7 6. Be3 0-0 7. Bd3 d6 8. Nh3 h6 9. 0-0 c5 10. dxc5 bxc5 11. Qe2 Nc6 12. Rfd1 d5 13. exd5 exd5 14. Bf4 Re8 15. Qf2 Nh5 16. Nxd5 Nd4 17. Nxe7+ Rxe7 18. c3 Nxf4 19. Nxf4 Qd6 20. Qg3 Re3 21. cxd4 Qxd4 22. Bh7+ 1-0

[Event "SVK-chT4 A22 1617"]
[Site "Slovakia"]
[Date "2016.12.04"]
[Round "5.2"]
[White "Klanica, Anton"]
[Black "Bott, Tamas"]
[Result "0-1"]
[WhiteElo "1773"]
[BlackElo "1666"]
[PlyCount "70"]
[EventDate "2016.10.09"]
[EventType "team-tourn"]
[EventRounds "11"]
[EventCountry "SVK"]
[SourceTitle "EXT 2020"]
[Source "ChessBase"]
[SourceDate "2019.10.17"]
[SourceVersion "1"]
[SourceVersionDate "2019.10.17"]
[SourceQuality "1"]

1. e4 e5 2. Nf3 Nc6 3. Bb5 Bc5 4. 0-0 d6 5. d3 Bg4 6. h3 Bh5 7. Bxc6+ bxc6 8. Kh2 d5 9. g4 Bg6 10. Qe2 h5 11. g5 h4 12. Ng1 Bh5 13. f3 Qd6 14. Be3 Bd4 15. c3 Bxe3 16. Qxe3 d4 17. Qe2 Qg6 18. Qg2 0-0-0 19. c4 f6 20. f4 exf4 21. Rxf4 fxg5 22. Rf5 g4 23. hxg4 Bxg4 24. Rf4 Nh6 25. Nd2 Rhf8 26. Raf1 Qd6 27. c5 Qxf4+ 28. Rxf4 Rxf4 29. Nh3 Bxh3 30. Qxh3+ Ng4+ 31. Kg1 Rdf8 32. a4 Kb8 33. Nc4 Nf2 34. Qd7 Rg4+ 35. Kh2 h3 0-1

[Event "SVK-chT1W 1516"]
[Site "Slovakia"]
[Date "2015.10.25"]
[Round "2.4"]
[White "Bott, Tamas"]
[Black "Orgon, Dusan"]
[Result "0-1"]
[WhiteElo "1737"]
[BlackElo "2028"]
[PlyCount "70"]
[EventDate "2015.10.24"]
[EventType "team-tourn"]
[EventRounds "11"]
[EventCountry "SVK"]
[SourceTitle "CBM 170 Extra"]
[Source "ChessBase"]
[SourceDate "2016.02.25"]
[SourceVersion "1"]
[SourceVersionDate "2016.02.25"]
[SourceQuality "1"]
[WhiteTeam "Gabcikovo"]
[BlackTeam "Dubnica nad Vahom"]
[WhiteTeamCountry "SVK"]
[BlackTeamCountry "SVK"]

1. e4 e6 2. d4 d5 3. e5 c5 4. c3 Nc6 5. Bb5 Bd7 6. dxc5 Nxe5 7. Bxd7+ Qxd7 8. Be3 Qb5 9. b4 Nd3+ 10. Kd2 Nf6 11. a4 Qc4 12. Na3 Ne4+ 13. Ke2 Nf4+ 14. Kf3 Qxc3 15. Nb5 Qf6 16. Nc7+ Ke7 17. Bxf4 g5 18. Ne2 Rd8 19. Qd4 gxf4 20. Qxf6+ Nxf6 21. Nxf4 a6 22. b5 Kd7 23. bxa6 Kxc7 24. axb7 Kxb7 25. Rab1+ Kc6 26. Rb6+ Kxc5 27. a5 Ra8 28. Rc1+ Kd4 29. Ne2+ Ke5 30. g4 Ne4 31. Re1 Bc5 32. Rb5 Bxf2 33. Nc3 Bxe1 34. Nxe4 Kd4 35. Nc5 Kc4 0-1

[Event "SVK-chT4 A22 1415"]
[Site "Slovakia"]
[Date "2015.03.01"]
[Round "10.4"]
[White "Bott, Tamas"]
[Black "Tupy, Bystrik"]
[Result "1-0"]
[WhiteElo "1774"]
[BlackElo "1782"]
[PlyCount "39"]
[EventDate "2014.10.12"]
[EventType "team-tourn"]
[EventRounds "11"]
[EventCountry "SVK"]
[SourceTitle "EXT 2019"]
[Source "ChessBase"]
[SourceDate "2018.10.10"]
[SourceVersion "1"]
[SourceVersionDate "2018.10.10"]
[SourceQuality "1"]

1. e4 e5 2. Nf3 Nc6 3. d4 exd4 4. Bc4 Qe7 5. 0-0 d6 6. Ng5 Be6 7. Bd5 Qf6 8. Re1 Nge7 9. c3 dxc3 10. Nxc3 h6 11. Nf3 Bg4 12. Nb5 0-0-0 13. Qb3 a6 14. Na7+ Kd7 15. Qxb7 Nxa7 16. e5 Qg6 17. exd6 Bxf3 18. Rxe7+ Bxe7 19. Qxc7+ Ke8 20. Qxe7# 1-0

[Event "SVK-chT4 A22 1415"]
[Site "Slovakia"]
[Date "2015.01.18"]
[Round "7.2"]
[White "Bott, Tamas"]
[Black "Jancik, Ondrej"]
[Result "0-1"]
[WhiteElo "1774"]
[BlackElo "1666"]
[PlyCount "68"]
[EventDate "2014.10.12"]
[EventType "team-tourn"]
[EventRounds "11"]
[EventCountry "SVK"]
[SourceTitle "EXT 2019"]
[Source "ChessBase"]
[SourceDate "2018.10.10"]
[SourceVersion "1"]
[SourceVersionDate "2018.10.10"]
[SourceQuality "1"]

1. e4 c5 2. d4 cxd4 3. Qxd4 Nc6 4. Qd3 Nf6 5. Nc3 d6 6. Nf3 g6 7. Bf4 Bg7 8. e5 Bf5 9. Qe2 Nh5 10. Bg3 Nxg3 11. hxg3 Nxe5 12. Nd4 Bd7 13. 0-0-0 0-0 14. f4 Bg4 15. Nf3 Nc6 16. Qe4 a6 17. Be2 Bf5 18. Qe3 Rc8 19. Ne5 Nxe5 20. fxe5 Bxe5 21. Qh6 g5 22. Bd3 Bg7 23. Qh5 Bxd3 24. Rxd3 h6 25. Qe2 e6 26. g4 Qf6 27. Rf3 Qg6 28. Rhf1 d5 29. Nd1 Rc7 30. Ne3 Qe4 31. Qd2 Rfc8 32. b3 b5 33. Re1 Qe5 34. Qd3 Qa1+ 0-1

[Event "SVK-chT4 A22 1415"]
[Site "Slovakia"]
[Date "2014.12.07"]
[Round "5.1"]
[White "Pszota, Mate"]
[Black "Bott, Tamas"]
[Result "0-1"]
[WhiteElo "1539"]
[BlackElo "1774"]
[PlyCount "62"]
[EventDate "2014.10.12"]
[EventType "team-tourn"]
[EventRounds "11"]
[EventCountry "SVK"]
[SourceTitle "EXT 2019"]
[Source "ChessBase"]
[SourceDate "2018.10.10"]
[SourceVersion "1"]
[SourceVersionDate "2018.10.10"]
[SourceQuality "1"]

1. e4 e5 2. Nf3 Nc6 3. Nc3 d6 4. Bc4 Bg4 5. d3 Nd4 6. Nxe5 dxe5 7. Qxg4 Nxc2+ 8. Kd1 Nxa1 9. Qh5 Qd7 10. Qxe5+ Ne7 11. Bf4 f6 12. Qe6 Qxe6 13. Bxe6 Nc6 14. Nb5 Ke7 15. Nxc7 Rd8 16. Bc4 g5 17. Bg3 Nd4 18. Nd5+ Kf7 19. Ne3+ Kg6 20. Kd2 Bb4+ 21. Kc1 b5 22. Bd5 Rc8+ 23. Kb1 Nac2 24. a3 Ba5 25. Bb7 Nxe3 26. fxe3 Nb3 27. Bxc8 Rxc8 28. e5 Nd2+ 29. Ka2 b4 30. a4 b3+ 31. Ka3 Rb8 0-1

[Event "SVK-chT4 A22 1314"]
[Site "Slovakia"]
[Date "2014.02.23"]
[Round "9.3"]
[White "Bott, Tamas"]
[Black "Lukacovic, Miroslav"]
[Result "0-1"]
[WhiteElo "1774"]
[BlackElo "2003"]
[PlyCount "66"]
[EventDate "2013.10.06"]
[EventType "team-tourn"]
[EventRounds "11"]
[EventCountry "SVK"]
[SourceTitle "EXT 2015"]
[Source "ChessBase"]
[SourceDate "2014.11.20"]
[SourceVersion "1"]
[SourceVersionDate "2014.11.20"]
[SourceQuality "1"]
[WhiteTeam "Gabcikovo Russel II"]
[BlackTeam "Sered MSK"]
[WhiteTeamCountry "SVK"]
[BlackTeamCountry "SVK"]

1. e4 e6 2. d4 d5 3. e5 c5 4. c3 Nc6 5. Nf3 Qc7 6. Bb5 Bd7 7. 0-0 Nxe5 8. Nxe5 Bxb5 9. Re1 cxd4 10. cxd4 Bb4 11. Re3 Nf6 12. a3 Bd6 13. Rc3 Qe7 14. Bg5 h6 15. Bh4 g5 16. Bg3 Ne4 17. Rf3 Bxe5 18. dxe5 0-0-0 19. Nc3 Bc6 20. Rc1 Kb8 21. Rd3 Nxg3 22. hxg3 h5 23. b4 g4 24. b5 Bd7 25. a4 Qg5 26. Qb3 Qxc1+ 27. Rd1 Qg5 28. a5 Qxe5 29. a6 Rc8 30. axb7 Rxc3 31. Qa2 Qc7 32. b6 Qxb6 33. Rb1 Qc5 0-1

[Event "SVK-chT2A 1213"]
[Site "Slovakia"]
[Date "2013.03.17"]
[Round "11.8"]
[White "Bott, Tamas"]
[Black "Gubis, Vladimir"]
[Result "1-0"]
[WhiteElo "1747"]
[BlackElo "1834"]
[PlyCount "59"]
[EventDate "2012.10.13"]
[EventType "team-tourn"]
[EventRounds "11"]
[EventCountry "SVK"]
[SourceTitle "EXT 2015"]
[Source "ChessBase"]
[SourceDate "2014.11.20"]
[SourceVersion "1"]
[SourceVersionDate "2014.11.20"]
[SourceQuality "1"]
[WhiteTeam "Gabcikovo"]
[BlackTeam "Piestany Kupele"]
[WhiteTeamCountry "SVK"]
[BlackTeamCountry "SVK"]

1. e4 c5 2. d4 cxd4 3. Qxd4 a6 4. Be3 d6 5. Nc3 e6 6. Nf3 Qc7 7. 0-0-0 Nd7 8. Qc4 Qb8 9. Ng5 Ne5 10. Qb3 h6 11. Nf3 Nd7 12. Bc4 Nc5 13. Qb6 Nd7 14. Qb3 Nc5 15. Bxc5 dxc5 16. Qb6 Be7 17. e5 g6 18. Ne4 Kf8 19. Nxc5 Qa7 20. Nd7+ Ke8 21. Qxa7 Rxa7 22. Nb6 Bd8 23. Nxc8 Ra8 24. Nd6+ Kf8 25. Nxb7 Bb6 26. Rd7 Ne7 27. Rhd1 Bxf2 28. Rd8+ Kg7 29. Rxh8 Kxh8 30. Rd7 1-0

[Event "SVK-chT2A 1213"]
[Site "Slovakia"]
[Date "2013.03.16"]
[Round "10.8"]
[White "Mosny, Jaroslav"]
[Black "Bott, Tamas"]
[Result "0-1"]
[WhiteElo "1923"]
[BlackElo "1747"]
[PlyCount "96"]
[EventDate "2012.10.13"]
[EventType "team-tourn"]
[EventRounds "11"]
[EventCountry "SVK"]
[SourceTitle "EXT 2015"]
[Source "ChessBase"]
[SourceDate "2014.11.20"]
[SourceVersion "1"]
[SourceVersionDate "2014.11.20"]
[SourceQuality "1"]
[WhiteTeam "Trnava Lokomotiva II"]
[BlackTeam "Gabcikovo"]
[WhiteTeamCountry "SVK"]
[BlackTeamCountry "SVK"]

1. d4 Nf6 2. Nf3 e6 3. e3 d5 4. Bd3 c5 5. b3 Nbd7 6. 0-0 Qc7 7. Bb2 cxd4 8. exd4 Bd6 9. Nbd2 0-0 10. Qe2 Re8 11. Ne5 Re7 12. Ndf3 b6 13. Rae1 Bb7 14. Nxd7 Rxd7 15. Ne5 Re7 16. Qf3 Rc8 17. Qh3 g6 18. Re3 Ne4 19. Qh6 f6 20. Ng4 Bf4 21. Qh4 Bg5 22. Qh3 Bxe3 23. fxe3 f5 24. Ne5 Rg7 25. Ba3 Ng5 26. Qh4 Nf7 27. Nf3 Re8 28. g4 e5 29. dxe5 Nxe5 30. Bb2 Nxf3+ 31. Rxf3 d4 32. Bc4+ Kh8 33. Rf4 Qc6 34. e4 Rxe4 35. Rxe4 g5 36. Qe1 fxe4 37. Bxd4 e3 38. Bxg7+ Kxg7 39. Qc3+ Kh6 40. Kf1 Qf3+ 41. Ke1 Qf2+ 42. Kd1 Bf3+ 43. Kc1 Bxg4 44. Qd4 Qf4 45. Qc3 e2+ 46. Kb2 Qf2 47. Bxe2 Bxe2 48. Qh3+ Kg6 0-1

[Event "SVK-chT4 A22 1213"]
[Site "Slovakia"]
[Date "2013.01.27"]
[Round "9.3"]
[White "Lelkes, Bela"]
[Black "Bott, Tamas"]
[Result "0-1"]
[WhiteElo "1743"]
[BlackElo "1747"]
[PlyCount "130"]
[EventDate "2012.10.14"]
[EventType "team-tourn"]
[EventRounds "11"]
[EventCountry "SVK"]
[SourceTitle "EXT 2015"]
[Source "ChessBase"]
[SourceDate "2014.11.20"]
[SourceVersion "1"]
[SourceVersionDate "2014.11.20"]
[SourceQuality "1"]
[WhiteTeam "Potonska Veza III"]
[BlackTeam "Gabcikovo Russel II"]
[WhiteTeamCountry "SVK"]
[BlackTeamCountry "SVK"]

1. e4 Nc6 2. f4 e5 3. Nf3 d6 4. Bc4 Bg4 5. 0-0 exf4 6. d4 Qd7 7. Bxf4 0-0-0 8. c3 Nf6 9. Nbd2 d5 10. exd5 Nxd5 11. Bxd5 Qxd5 12. Qb3 Qxb3 13. Nxb3 f6 14. Rae1 Bd6 15. Nfd2 Rhe8 16. Bxd6 cxd6 17. Nc4 Be2 18. Nbd2 Bxf1 19. Rxe8 Bxc4 20. Rxd8+ Kxd8 21. Nxc4 Kd7 22. Kf2 Ke6 23. Ke3 Kd5 24. b3 Ne7 25. g4 Ke6 26. Kd3 Nd5 27. Nd2 h5 28. gxh5 Nf4+ 29. Ke4 Nxh5 30. d5+ Ke7 31. Kf5 g6+ 32. Kg4 Ng7 33. Nc4 Nf5 34. h4 b5 35. Na5 Ne3+ 36. Kf3 Nxd5 37. c4 bxc4 38. bxc4 Nb4 39. a3 Nc2 40. a4 Kd7 41. Ke4 Ne1 42. Kf4 Nd3+ 43. Kg4 Nc5 44. h5 gxh5+ 45. Kxh5 Nxa4 46. Kg6 Ke6 47. Nc6 f5 48. Nxa7 f4 49. Nc6 d5 50. cxd5+ Kxd5 51. Ne7+ Ke4 52. Kg5 f3 53. Nf5 Nc3 54. Ng3+ Ke3 55. Nh1 Ne4+ 56. Kh4 Ke2 57. Kh5 Kf1 58. Kg4 Kg2 59. Kf4 Ng5 60. Ng3 Nh3+ 61. Kg4 f2 62. Kh4 Ng5 63. Kg4 Ne4 64. Nf5 Kg1 65. Ne3 Nd2 0-1

[Event "SVK-chT3A2 1011"]
[Site "Slovakia"]
[Date "2010.12.12"]
[Round "5.6"]
[White "Bott, Tamas"]
[Black "Markuliak, Mario"]
[Result "1-0"]
[WhiteElo "1781"]
[BlackElo "1864"]
[PlyCount "29"]
[EventDate "2010.10.17"]
[EventType "team-tourn"]
[EventRounds "11"]
[EventCountry "SVK"]
[SourceTitle "EXT 2012"]
[Source "ChessBase"]
[SourceDate "2011.11.24"]
[SourceVersion "1"]
[SourceVersionDate "2011.11.24"]
[SourceQuality "1"]
[WhiteTeam "Gabcikovo Russel"]
[BlackTeam "Cífer"]
[WhiteTeamCountry "SVK"]
[BlackTeamCountry "SVK"]

1. e4 e5 2. Nf3 Nc6 3. d4 exd4 4. Bc4 h6 5. 0-0 Bc5 6. c3 dxc3 7. Bxf7+ Kf8 8. Bxg8 Rxg8 9. Nxc3 d6 10. Be3 Bxe3 11. fxe3 Be6 12. Nd4+ Ke7 13. Nxe6 Kxe6 14. Qd5+ Kd7 15. Qf5+ 1-0

[Event "SVK-chT3A2 1011"]
[Site "Slovakia"]
[Date "2010.10.17"]
[Round "1.6"]
[White "Zajicek, Ferdinand"]
[Black "Bott, Tamas"]
[Result "1-0"]
[WhiteElo "1873"]
[BlackElo "1781"]
[PlyCount "117"]
[EventDate "2010.10.17"]
[EventType "team-tourn"]
[EventRounds "11"]
[EventCountry "SVK"]
[SourceTitle "EXT 2012"]
[Source "ChessBase"]
[SourceDate "2011.11.24"]
[SourceVersion "1"]
[SourceVersionDate "2011.11.24"]
[SourceQuality "1"]
[WhiteTeam "Gbely Nafta"]
[BlackTeam "Gabcikovo Russel"]
[WhiteTeamCountry "SVK"]
[BlackTeamCountry "SVK"]

1. e4 e5 2. Nf3 Nc6 3. Bc4 d6 4. Nc3 Bg4 5. h3 Bxf3 6. Qxf3 Qf6 7. Qxf6 Nxf6 8. d3 Nd4 9. Bb3 Nxb3 10. axb3 a6 11. 0-0 0-0-0 12. f4 c6 13. fxe5 dxe5 14. Bg5 Be7 15. Bxf6 Bxf6 16. Ne2 Rd7 17. Rf3 Be7 18. Raf1 f6 19. g4 h6 20. Kg2 Kc7 21. Nc3 b5 22. Ra1 Kb6 23. Kf2 h5 24. gxh5 Rxh5 25. Kg2 Rg5+ 26. Rg3 Rxg3+ 27. Kxg3 Bd6 28. Rf1 Rf7 29. Kg4 g6 30. h4 Be7 31. h5 gxh5+ 32. Kxh5 Rh7+ 33. Kg6 Rh2 34. Kf7 Bd8 35. Rc1 Kc5 36. Ke6 Kd4 37. b4 Ke3 38. Nb1 Rf2 39. Kd7 Bb6 40. Kxc6 Bd4 41. Re1+ Kf4 42. c3 Be3 43. Kb7 Rxb2 44. Kxa6 Bf2 45. Rd1 Ke3 46. Kxb5 Ke2 47. Rd2+ Rxd2 48. Nxd2 Kxd2 49. c4 Kxd3 50. c5 Kxe4 51. c6 f5 52. c7 f4 53. c8Q Kf3 54. Qc3+ Ke4 55. Qc2+ Kf3 56. Qd1+ Ke3 57. Qb3+ Ke4 58. Qc2+ Ke3 59. Qc5+ 1-0

[Event "SVK-chT3A2 0809"]
[Site "Slovakia"]
[Date "2008.11.30"]
[Round "3.7"]
[White "Hrubos, Milan"]
[Black "Bott, Tamas"]
[Result "1-0"]
[WhiteElo "1713"]
[BlackElo "1807"]
[PlyCount "41"]
[EventDate "2008.10.19"]
[EventType "team-tourn"]
[EventRounds "11"]
[EventCountry "SVK"]
[SourceTitle "EXT 2010"]
[Source "ChessBase"]
[SourceDate "2010.11.25"]
[SourceVersion "1"]
[SourceVersionDate "2010.11.25"]
[SourceQuality "1"]
[WhiteTeam "Holic"]
[BlackTeam "Gabcikovo"]
[WhiteTeamCountry "SVK"]
[BlackTeamCountry "SVK"]

1. e4 e5 2. Nf3 Nc6 3. Bb5 Bc5 4. 0-0 Nge7 5. c3 a6 6. Ba4 0-0 7. d4 Bd6 8. Nbd2 b5 9. Bc2 Ng6 10. a4 b4 11. Nc4 bxc3 12. bxc3 exd4 13. cxd4 Bf4 14. Bxf4 Nxf4 15. Qd2 d5 16. Qxf4 dxc4 17. e5 f6 18. Qe4 Bb7 19. Qxh7+ Kf7 20. Bg6+ Ke6 21. d5+ 1-0

[Event "SVK-chT3A2 0607"]
[Site "Slovakia"]
[Date "2007.02.25"]
[Round "9"]
[White "Jozefovic, Milan"]
[Black "Bott, Tamas"]
[Result "1-0"]
[WhiteElo "1956"]
[BlackElo "1902"]
[PlyCount "116"]
[EventDate "2006.10.08"]
[EventType "team-tourn"]
[EventRounds "11"]
[EventCountry "SVK"]
[SourceTitle "EXT 2008"]
[Source "ChessBase"]
[SourceDate "2007.11.25"]
[SourceVersion "1"]
[SourceVersionDate "2007.11.25"]
[SourceQuality "1"]
[WhiteTeam "Gbely"]
[BlackTeam "Gabcikovo"]
[WhiteTeamCountry "SVK"]
[BlackTeamCountry "SVK"]

1. e4 e5 2. Nf3 Nc6 3. Bc4 Bc5 4. Qe2 d6 5. h3 Nf6 6. d3 Qe7 7. Bg5 Be6 8. Nc3 Bb4 9. 0-0 Bxc3 10. bxc3 Bxc4 11. dxc4 0-0 12. Nh4 Qe6 13. Nf5 Na5 14. Bxf6 Qxf6 15. Rad1 Kh8 16. Rd5 b6 17. Ne3 Nc6 18. Rd3 Qg6 19. Nd5 Rac8 20. Rg3 Qe6 21. Qh5 Ne7 22. Qg5 Ng6 23. Qd2 f5 24. exf5 Rxf5 25. Re1 Rf7 26. Re4 Rcf8 27. f3 a5 28. h4 Nf4 29. Rg4 Qh6 30. Qe3 Nh5 31. Qxh6 gxh6 32. Re1 Nf6 33. Rg3 Nxd5 34. cxd5 Rf4 35. Kf2 Rxh4 36. Ke3 Rc4 37. Kd3 Rc5 38. c4 b5 39. Rg4 bxc4+ 40. Rxc4 Rxc4 41. Kxc4 Rb8 42. a3 Kg7 43. Re3 Kg6 44. Rb3 Rxb3 45. cxb3 Kf5 46. Kb5 Kf4 47. Kc6 Kg3 48. Kxc7 Kxg2 49. Kxd6 h5 50. Kxe5 h4 51. d6 h3 52. d7 h2 53. d8Q h1Q 54. Qg8+ Kf2 55. f4 Qa1+ 56. Kd5 Qxa3 57. Qb8 Qa2 58. f5 a4 1-0

[Event "SVK-chT3A2 0607"]
[Site "Slovakia"]
[Date "2006.12.03"]
[Round "5"]
[White "Bott, Tamas"]
[Black "Merva, Frantisek"]
[Result "0-1"]
[WhiteElo "1902"]
[BlackElo "2059"]
[PlyCount "50"]
[EventDate "2006.10.08"]
[EventType "team-tourn"]
[EventRounds "11"]
[EventCountry "SVK"]
[SourceTitle "EXT 2008"]
[Source "ChessBase"]
[SourceDate "2007.11.25"]
[SourceVersion "1"]
[SourceVersionDate "2007.11.25"]
[SourceQuality "1"]
[WhiteTeam "Gabcikovo"]
[BlackTeam "Galanta"]
[WhiteTeamCountry "SVK"]
[BlackTeamCountry "SVK"]

1. e4 c5 2. d4 cxd4 3. Qxd4 Nc6 4. Qd3 g6 5. Nc3 Bg7 6. Nge2 Nf6 7. Bf4 0-0 8. 0-0-0 Ng4 9. Qg3 d6 10. h4 Qb6 11. Qf3 Qxf2 12. Rd2 Qb6 13. h5 Nce5 14. Bxe5 Nxe5 15. Qg3 Nc4 16. Nd5 Qxb2+ 17. Kd1 Qb1+ 18. Nc1 Bb2 19. Nxe7+ Kg7 20. Rd3 Qxc1+ 21. Ke2 Qxc2+ 22. Kf3 Ne5+ 23. Kf4 Bc1+ 24. Re3 h6 25. hxg6 fxg6+ 0-1